• 首页
  • 本馆介绍
  • 公告通知
  • 最新文献
  • 馆藏检索
  • 电子资源
  • 读者导购
  • 参考咨询
  • 我的图书馆
  • 登录
  • 详细信息显示
  • 放入我的书架
  • 预约/预借图书
  • 作者相关作品
  • 分类相关作品
  • 丛书相关作品
  • 出版社相关作品

书目信息

  • 表格格式
  • 工作单格式
  • 卡片格式
题名:
高分子结晶学原理
    
 
作者: 胡文兵 著
分册:  
出版信息: 北京   化学工业出版社  2013.07
页数: 454页
开本: 25cm
丛书名:
单 册:
中图分类: O7
科图分类:
主题词: 高分子化学--晶体学 , 高分子化学 , 晶体学
电子资源:
ISBN: 978-7-122-16499-5
000 01198nam0 2200289 450
001 012013076346
005 20140611153230.96
010    @a978-7-122-16499-5@b精装@dCNY128.00
100    @a20130722d2013 em y0chiy0110 ea
101 0  @achi
102    @aCN@b110000
105    @aaf z 001yy
106    @ar
200 1  @a高分子结晶学原理@9gao fen zi jie jing xue yuan li@dPrinciples of polymer crystalization@f胡文兵著@zeng
210    @a北京@c化学工业出版社@d2013.07
215    @a454页@c图,图版(3页)@d25cm
300    @a国家科学技术学术著作出版基金资助出版
330    @a本书从微观分子角度出发系统地介绍了高分子结晶热力学、动力学和形态学的基本概念和当前研究进展,并进一步介绍了在无规共聚物、纳米空间和嵌段共聚物自组装微畴等受限条件下高分子结晶学的研究进展,附录还介绍了作者所擅长的动态蒙特卡罗分子模拟方法。
333    @a从事高分子凝聚态物理、高分子材料、高分子化学和化工、生物物理等研究和开发领域的科研人员、教师、企业技术人员
510 1  @aPrinciples of polymer crystalization@zeng
606 0  @a高分子化学@x晶体学
606 0  @a高分子化学
606 0  @a晶体学
690    @aO7@v5
701  0 @a胡文兵@9hu wen bing@4著
801  0 @aCN@b人天书店@c20130722
905    @b549427-29@dO7@e14@f3
    
    高分子结晶学原理=Principles of polymer crystalization/胡文兵著.-北京:化学工业出版社,2013.07
    454页:图,图版(3页);25cm
    国家科学技术学术著作出版基金资助出版.-使用对象:从事高分子凝聚态物理、高分子材料、高分子化学和化工、生物物理等研究和开发领域的科研人员、教师、企业技术人员
    
    ISBN 978-7-122-16499-5(精装):CNY128.00
    本书从微观分子角度出发系统地介绍了高分子结晶热力学、动力学和形态学的基本概念和当前研究进展,并进一步介绍了在无规共聚物、纳米空间和嵌段共聚物自组装微畴等受限条件下高分子结晶学的研究进展,附录还介绍了作者所擅长的动态蒙特卡罗分子模拟方法。
●
相关链接 在E读中查询图书 在五车中查询图书 在当当中查询图书 在豆瓣中查询图书


正题名:高分子结晶学原理     索取号:O7/14         预约/预借

序号 登录号 条形码 馆藏地/架位号 状态 备注
1 549427   205494277   第二样本阅览室/ [索取号:O7/14] 在馆    
2 549428   205494286   密集书库-化学系/ [索取号:O7/14] 在馆    
3 549429   205494295   第三借阅区/ [索取号:O7/14] 在馆    
唐山师范学院图书馆 欢迎您!
大连网信软件有限公司© 版权所有